| 000 | 01200nam a22002657a 4500 | ||
|---|---|---|---|
| 001 | BR2012006140 | ||
| 003 | BR-BrBNA | ||
| 005 | 20230928104047.0 | ||
| 007 | ta | ||
| 008 | 230509b bl.||||| |||| 00| 0 por d | ||
| 040 |
_aBR-BrBNA _bpor _cBiblioteca Nacional de Agricultura |
||
| 041 | _a(Por) | ||
| 072 | _aC10; D10 | ||
| 090 | _ C10 BR2012006140 | ||
| 110 | 1 |
_aEscola Nacional de Administração Pública; Brasília, DF (Brasil) _94324 |
|
| 245 | 1 | _aPrograma de capacitação em gestão do PPA; PPA: elaboração e gestão - ciclo básico; módulo I-visão sistêmica do ciclo de gestão do PPA; módulo II-ferramentas e métodos de planejamento; módulo III-elaboração de programas do PPA; módulo IV-construção de indicadores para o PPA; módulo V-monitoramento de programa do PPA; módulo VI-avaliação e revisão de programas do PPA; módulo VII-elaboração de planos gerenciais do PPA; módulo VIII-sistema orçamentário federal | |
| 260 | 3 |
_aBrasília, DF (Brasil): _c2006. |
|
| 300 | _av. 1-8 | ||
| 650 | _aADMINISTRAÇÃO PÚBLICA | ||
| 650 | _aCAPACITAÇÃO | ||
| 650 | _aPLANEJAMENTO | ||
| 650 | _aORÇAMENTO | ||
| 909 |
_a202309 _bLucia _c55 _dLucia Elande |
||
| 942 | _cBK | ||
| 999 |
_c77922 _d77922 |
||